Rozponaj zawodnika FC Barcelony #8 - Statystyki

Ogólne statystyki
  • Ten quiz został rozwiązany 38 razy
  • Średni wynik to 11 z 16
Statystyki odpowiedzi
Obrazkowy Odpowiedź % Poprawnych
Carles Puyol
97%
Wojciech Szczęsny
97%
Rivaldo
88%
Gavi
85%
Ferran Torres
82%
Miralem Pjanić
82%
Ronald Koeman
82%
Alexis Sánchez
79%
Franck Kessié
67%
Héctor Bellerín
67%
Pedro
67%
Gerard Martín
55%
Óscar Mingueza
52%
Pau Víctor
42%
Jonathan dos Santos
30%
Ladislao Kubala
18%
Nie znaleziono quizów pasujących do podanych kryteriów
Rozkład punktacji
Procent ludzi z każdym wynikiem
Percentyl według liczby udzielonych odpowiedzi
Twoja historia wyników
Nie rozwiązałeś tego quizu